Effektivnost' i kačestvo - zabota obščaja

Salvato in:
Dettagli Bibliografici
Autore principale: Žitnjuk, Galina Michajlovna
Natura: Libro
Lingua:russo
Pubblicazione: Kišinev Karta Moldovejanske 1980
Tags: Aggiungi Tag
Nessun Tag, puoi essere il primo ad aggiungerne!!

MARC

LEADER 00000nam a2200000 4500
001 c137087
005 20041019155308.9
041 0 |a rus 
044 |a MD 
245 1 0 |a Effektivnost' i kačestvo - zabota obščaja  |c Galina Michajlovna Žitnjuk 
264 1 |a Kišinev  |b Karta Moldovejanske  |c 1980 
300 |a 96 s. 
100 1 |a Žitnjuk, Galina Michajlovna